| 000 | 00618nam a22001937a 4500 | ||
|---|---|---|---|
| 003 | DO-CoUTE | ||
| 005 | 20260520125746.0 | ||
| 008 | 260520b dr ||||| |||| 00| 0 spa d | ||
| 040 |
_aDO-CoUTE _bspa _cDO-CoUTE |
||
| 082 | _aRD861.44V433L | ||
| 100 | 1 |
_aVelásquez, Elidenia _eAutor |
|
| 245 | 1 | 0 |
_aLagrimas de Otoño / _cElidenia Velásquez |
| 260 |
_aSanto Domingo, República Dominicana ; _bCierva Blanca Colección, _c2023 |
||
| 300 |
_a99 Paginas : _c23cm, |
||
| 504 | _a Incluye referencia bibliográfica e índice. | ||
| 650 | 4 | _aPoesia | |
| 700 | 1 |
_aElidenia Velasquez _eAutor |
|
| 942 |
_2ddc _cBK |
||
| 999 |
_c24206 _d24206 |
||